LEADER 00805nam a2200217 4500 001 000000357018 003 CaOOAMICUS 005 20240202100622.0 008 240202s1902 it 000 u ita r 040 $aSeMil$bita 100 1 $aLevati, Eugenio.$0(OLS)http://semarc/name/119085 245 13$aLa malaria / $c[Eugenio Levati]. 264 1$aMilano :$bTipografia milanese,$c1902. 300 $a11 p. ;$c21 cm 500 $aIl nome dell'A. si ricava dal v. del front 650 4$aMalaria.$0(OLS)http://semarc/subject/37705 850 $aSeMil 852 $aSeMil$W1$xVenegono$y1$m5C IV 9/21$j245753$B248203$CSeMilBibl$Z2$F248203 $81 996 $6245$aLa malaria / $9(OLS)http://semarc/title/447257 996 $6264$aMilano :$bTipografia milanese$9(OLS)http://semarc/publisher/61521 LEADER 01283nam a2200253 4500 001 000000341601 003 CaOOAMICUS 005 20200819111605.0 008 200819s1886 it a 000 u ita r 040 $aSeMil$bita 100 11$aTaramelli, Torquato,$d<1845-1922>.$0(OLS)http://semarc/name/111617 245 02$aI terremoti Andalusi cominciati il 25 dicembre 1884 /$cmemoria di T. Taramelli e G. Mercalli. 264 1$aRoma :$bTipografia della R. Accademia dei Lincei,$c1886. 300 $a110 p., 4 carte di tav. ripieg. :$bill. ;$c30 cm 500 $aPaginato anche 116-222 500 $aEstratto da: Reale Accademia dei Lincei - Memorie della Classe di Scienze Fisiche, Matematiche e Naturali, vol. 3., ser. 4 500 $aCon dedica autografa di G. Mercalli 650 4$aTerremoti - Andalusia - 1884.$0(OLS)http://semarc/subject/49418 700 1 $aMercalli, Giuseppe,$d<1850-1914>.$0(OLS)http://semarc/name/49037 850 $aSeMil 852 $aSeMil$W1$xVenegono$y1$m3XG VI 22 FA$j220821$B232609$CSeMilBibl$Z2$F232609 $8I 996 $6245$aI terremoti Andalusi cominciati il 25 dicembre 1884$9(OLS)http://semarc/title/430551 996 $6264$aRoma :$bTipografia della R. Accademia dei Lincei$9(OLS)http://semarc/publisher/59227